Fourier series in several variables with applications to partial differential equations (Record no. 9004)

MARC details
000 -LEADER
fixed length control field 01077 a2200445 4500
000 - LEADER
fixed length control field BKB
001 - CONTROL NUMBER
control field 135699
005 - DATE AND TIME OF LATEST TRANSACTION
control field 20200902152903.0
008 - FIXED-LENGTH DATA ELEMENTS--GENERAL INFORMATION
fixed length control field
010 ## - LIBRARY OF CONGRESS CONTROL NUMBER
LC control number
020 ## - INTERNATIONAL STANDARD BOOK NUMBER
International Standard Book Number 9781439854273
082 ## - DEWEY DECIMAL CLASSIFICATION NUMBER
Classification number 515.2433
Item number S22F
100 1# - MAIN ENTRY--PERSONAL NAME
Personal name Shapiro, Victor L.
110 ## - MAIN ENTRY--CORPORATE NAME
Corporate name or jurisdiction name as entry element
245 1# - TITLE STATEMENT
Title Fourier series in several variables with applications to partial differential equations
Statement of responsibility, etc by Victor L. Shapiro
250 ## - EDITION STATEMENT
Edition statement
260 ## - PUBLICATION, DISTRIBUTION, ETC. (IMPRINT)
Place of publication, distribution, etc Boca Raton
Name of publisher, distributor, etc CRC Press
Date of publication, distribution, etc 2011
300 ## - PHYSICAL DESCRIPTION
Extent 338p.
490 ## - SERIES STATEMENT
Series statement Chapman & Hall/CRC applied mathematics and nonlinear scince series
Volume number/sequential designation
500 ## - GENERAL NOTE
General note
600 ## - SUBJECT ADDED ENTRY--PERSONAL NAME
Personal name
610 ## - SUBJECT ADDED ENTRY--CORPORATE NAME
Corporate name or jurisdiction name as entry element
611 ## - SUBJECT ADDED ENTRY--MEETING NAME
Meeting name or jurisdiction name as entry element
630 ## - SUBJECT ADDED ENTRY--UNIFORM TITLE
Uniform title
650 ## - SUBJECT ADDED ENTRY--TOPICAL TERM
Topical term or geographic name as entry element
651 ## - SUBJECT ADDED ENTRY--GEOGRAPHIC NAME
Geographic name
654 ## - SUBJECT ADDED ENTRY--FACETED TOPICAL TERM
Focus term
690 ## - LOCAL SUBJECT ADDED ENTRY--TOPICAL TERM (OCLC, RLIN)
Topical term or geographic name as entry element Differential equations, Partial; Fourier series; Functions of several real variables; Fourier analysis
700 ## - ADDED ENTRY--PERSONAL NAME
Personal name
Numeration
Titles and other words associated with a name
710 ## - ADDED ENTRY--CORPORATE NAME
Corporate name or jurisdiction name as entry element
Subordinate unit
Location of meeting
711 ## - ADDED ENTRY--MEETING NAME
Meeting name or jurisdiction name as entry element
720 ## - ADDED ENTRY--UNCONTROLLED NAME
Name
730 ## - ADDED ENTRY--UNIFORM TITLE
Uniform title
740 ## - ADDED ENTRY--UNCONTROLLED RELATED/ANALYTICAL TITLE
Uncontrolled related/analytical title
752 ## - ADDED ENTRY--HIERARCHICAL PLACE NAME
Country or larger entity
856 ## - ELECTRONIC LOCATION AND ACCESS
Host name
Path
Electronic name
904 ## - LOCAL DATA ELEMENT D, LDD (RLIN)
a
964 ## -
--
--
--
--
--
--
--
965 ## -
--
Holdings
Withdrawn status Lost status Damaged status Not for loan Home library Current library Date acquired Total Checkouts Full call number Barcode Date last seen Price effective from Koha item type
        Central University Of Rajasthan Central University Of Rajasthan 16/10/2012   515.2433 S22F 11287 21/11/2024 02/09/2020 Books